New ethnicities and urban culture: racisms and multiculture un young lives
সংরক্ষণ করুন:
| প্রধান লেখক: | |
|---|---|
| সংস্থা লেখক: | |
| বিন্যাস: | পাঠ্য |
| প্রকাশিত: |
Londres:
UCL Press
|
| বিষয়গুলি: | |
| ট্যাগগুলো: |
ট্যাগ যুক্ত করুন
কোনো ট্যাগ নেই, প্রথমজন হিসাবে ট্যাগ করুন!
|
MARC
| LEADER | 00000 a a2200000 04500 | ||
|---|---|---|---|
| 001 | 28632 | ||
| 003 | |||
| 040 | |||
| 020 | |a 1-85728-251-5 | ||
| 090 | |a 189300 | ||
| 100 | |a Back, Les | ||
| 110 | |a Goldsmiths College | ||
| 245 | |a New ethnicities and urban culture: racisms and multiculture un young lives | ||
| 260 | |a Londres: |b UCL Press | ||
| 300 | |a 287 p |b il. | ||
| 650 | |a DISCRIMINACION RACIAL | ||
| 650 | |a PLURALISMO CULTURAL | ||
| 650 | |a JUVENTUD | ||
| 650 | |a IDENTIDAD CULTURAL | ||
| 650 | |a INTEGRACION CULTURAL | ||
| 650 | |a NACIONALISMO | ||
| 650 | |a ANALISIS TRANSCULTURAL | ||
| 650 | |a POLITICA RACIAL | ||
| 650 | |a SEGREGACION RACIAL | ||
| 650 | |a CONFLICTOS RACIALES | ||
| 650 | |a RELACIONES RACIALES | ||
| 650 | |a MUSICA | ||
| 650 | |a INTEGRACION SOCIAL | ||
| 650 | |a ETNICIDAD | ||
| 650 | |a MIN | ||
| 650 | |a ASPECTOS DEMOGRAFICOS | ||
| 650 | |a GRUPOS ETNICOS | ||
| 999 | |c 5110 |d 5110 | ||



